000
00234nam a22000857a 4500
008
170626b xxu||||| |||| 00| 0 eng d
100
_9
3707
_a
Mittal R. S
245
_a
Lab Manual physics part XII
260
_a
New Delhi
_b
Arya Publication
_c
2009
999
_c
7128
_d
7128